000 00768cam a2200169 a 4500
040 _cDLC
082 _a349 THE 1992 A069 Or.
245 0 0 _aDevelopments in the renewed Jamaica Progressive League (Jamaica) :
_bincluding the call for an alternative psychology of independence and nation building : reports : study-papers on the Jamaican constitution : summary proposals towards a new republican constitution for Jamaica, with a system of reciprocal rights, duties, and responsibilities /
260 _aKingston :
_bThe League,
_c1992.
300 _a86 p. :
_bill. ;
_c28 cm.
500 _aCover title.
500 _aErrata slip stapled to p. 5.
650 0 _aConstitutional history
700 1 _aTucker, Jimmy.
710 2 _aJamaica Progressive League.
942 _cEK
999 _c14669
_d14669